[Event "Cairnhill op"]
[Site "Singapore"]
[Date "1998.12.20"]
[Round "3"]
[White "Liu Dede"]
[Black "Lim Chuin Hoong"]
[Result "1-0"]
[WhiteElo "2375"]
[BlackElo "2225"]

1.e4 c5 2.Nf3 d6 3.d4 cxd4 4.Nxd4 Nf6 5.Nc3 a6 6.Be3 e5 7.Nb3 Be7 8.f3 Be6
9.Qd2 O-O 10.O-O-O a5 11.a4 Nc6 12.g4 Nb4 13.g5 Ne8 14.h4 Nc7 15.Bb6 Qb8
16.Kb1 d5 17.Nc5 Bxc5 18.Bxc5 Rd8 19.Bb6 Rd6 20.Bxc7 Qxc7 21.Nb5 Qc6 22.c3 Na6
23.Nxd6 Qxd6 24.exd5 Rd8 25.dxe6 Qxd2 26.Rxd2 Rxd2 27.Bxa6  1-0

[Event "Skopje op"]
[Site "Skopje"]
[Date "1998.12.20"]
[Round "9"]
[White "Spasov, Vasil"]
[Black "Tringov, Georgi P"]
[Result "1-0"]
[WhiteElo "2595"]
[BlackElo "2365"]

1.e4 c5 2.Nf3 d6 3.d4 cxd4 4.Nxd4 Nf6 5.Nc3 a6 6.Be3 e6 7.g4 b5 8.g5 Nfd7
9.Bg2 Bb7 10.f4 Nb6 11.O-O N8d7 12.a3 Rc8 13.f5 e5 14.Ne6 Qe7 15.Nd5 Nxd5
16.exd5  1-0

[Event "Groningen op"]
[Site "Groningen"]
[Date "1998.12.22"]
[Round "3"]
[White "Vehi Bach, Victor Manuel"]
[Black "Kempinski, Robert"]
[Result "1/2-1/2"]
[WhiteElo "2390"]
[BlackElo "2545"]

1.e4 c5 2.Nf3 d6 3.d4 cxd4 4.Nxd4 Nf6 5.Nc3 a6 6.Be3 Ng4 7.Bg5 h6 8.Bh4 g5
9.Bg3 Bg7 10.Be2 Ne5 11.h4 Nbc6 12.Nf5 Bxf5 13.exf5 Nd4 14.hxg5 hxg5 15.Rxh8+ Bxh8
16.Qd2 Qa5 17.O-O-O Nxe2+ 18.Qxe2 Rc8 19.Qh5 Bg7 20.Qh7 Kf8 21.Rd5 Qb4 22.Bxe5 dxe5
23.Qh3 Bf6 24.Qe3 Kg7 25.f3 g4 26.Rd1 gxf3 27.gxf3 Qf4 28.Qxf4 exf4 29.Ne4 Rc6
30.a4 b6 31.Rd7 Kf8 32.Ra7 a5  1/2-1/2

[Event "Groningen op"]
[Site "Groningen"]
[Date "1998.12.23"]
[Round "4"]
[White "Van den Doel, Erik"]
[Black "Rechel, Bernd"]
[Result "1-0"]
[WhiteElo "2480"]
[BlackElo "2365"]

1.e4 c5 2.Nf3 d6 3.d4 cxd4 4.Nxd4 Nf6 5.Nc3 a6 6.Be3 e5 7.Nb3 Be6 8.Qd2 Nbd7
9.f3 Be7 10.g4 h6 11.O-O-O b5 12.Kb1 Nb6 13.Qf2 Nfd7 14.h4 Nc4 15.Bxc4 bxc4
16.Nc1 Rb8 17.N1e2 Qa5 18.Ka1 O-O 19.Qe1 Qb4 20.Rb1 Qb7 21.Qd2 Nb6 22.Ng3 d5
23.Bxb6 Qxb6 24.exd5 Rfd8 25.g5 h5 26.Nxh5 Bb4 27.Qe2 Qd4 28.Rhd1 Qxc3 29.a3  1-0

[Event "Cairnhill op"]
[Site "Singapore"]
[Date "1998.12.24"]
[Round "7"]
[White "Liu Dede"]
[Black "Wu Shaobin"]
[Result "0-1"]
[WhiteElo "2375"]
[BlackElo "2505"]

1.e4 c5 2.Nf3 d6 3.d4 cxd4 4.Nxd4 Nf6 5.Nc3 a6 6.Be3 e5 7.Nb3 Be6 8.Qd2 Nbd7
9.f3 h5 10.O-O-O Rc8 11.Nd5 Bxd5 12.exd5 Be7 13.Kb1 Nb6 14.Bxb6 Qxb6 15.g3 Rc7
16.Bh3 O-O 17.Rhe1 Re8 18.f4 e4 19.Bg2 Bf8 20.h3 Rce7 21.Qd4 Qxd4 22.Rxd4 g6
23.Nd2 Bh6 24.h4 Bg7 25.Nc4 Rd8 26.a4 Rc7 27.Bf1 Rc5 28.Ne3 Re8 29.Bg2 b5
30.f5 bxa4 31.fxg6 fxg6 32.Rxa4 a5 33.c4 Nd7 34.b3 Be5 35.Nf1 Nb6 36.Ra3 Nxc4
37.bxc4 Rb8+ 38.Kc2 Rxc4+ 39.Kd1 Rb1+ 40.Ke2 Rc2+ 41.Nd2 Rbb2 42.Rd1 Bc3
43.Bxe4 Rxd2+ 44.Rxd2 Rxd2+ 45.Ke3 Bb4 46.Ra1 Kg7 47.Bd3 Rb2  0-1

[Event "Groningen op"]
[Site "Groningen"]
[Date "1998.12.27"]
[Round "7"]
[White "Van den Doel, Erik"]
[Black "Bertholee, Rob"]
[Result "1-0"]
[WhiteElo "2480"]
[BlackElo "2355"]

1.e4 c5 2.Nf3 d6 3.d4 Nf6 4.Nc3 cxd4 5.Nxd4 a6 6.Be3 Qc7 7.Qd2 e6 8.f3 b5
9.O-O-O Bb7 10.g4 Nfd7 11.g5 Nb6 12.Bd3 N8d7 13.h4 Ne5 14.Qf2 Nxd3+ 15.Rxd3 Nc4
16.a3 O-O-O 17.Nb3 Nxe3 18.Qxe3 Kb8 19.Ne2 Rc8 20.Rc3 Qd8 21.Rxc8+ Bxc8 22.Rd1 h6
23.Ned4 Qc7 24.Rd3 e5 25.Nf5 hxg5 26.Rc3 Qd8 27.Rc6 g6 28.Rb6+ Ka8 29.Na5 Qc7
30.Rc6 Qd8 31.Qc3 Kb8 32.Rxd6 Qxd6 33.Nxd6 Bxd6 34.Nc6+ Ka8 35.Nxe5 Bb7 36.Nxf7 Bf4+
37.Kb1 Rxh4 38.Nd8 Rh7 39.e5 Re7 40.e6 Rc7 41.Qxc7  1-0

[Event "Eastern op"]
[Site "Washington DC"]
[Date "1998.12.28"]
[Round "5"]
[White "Fernandez, Daniel"]
[Black "Inocencio, Edgarlino S"]
[Result "1-0"]
[WhiteElo "2145"]
[BlackElo "2120"]

1.e4 c5 2.Nf3 d6 3.d4 cxd4 4.Nxd4 Nf6 5.Nc3 a6 6.Be3 e6 7.g4 Nfd7 8.Qd2 Ne5
9.Be2 Qc7 10.f4 Nc4 11.Bxc4 Qxc4 12.O-O-O b5 13.Kb1 Bd7 14.Rhe1 b4 15.Nce2 a5
16.e5 d5 17.f5 Na6 18.Bg5 Nc5 19.Nf4 Be7 20.f6 Bf8 21.fxg7 Bxg7 22.Nf5 exf5
23.Nxd5 Ra7 24.Nf6+ Bxf6 25.Bxf6 Ra6 26.Bxh8 Qxg4 27.Rg1 Qc4 28.Bf6  1-0

[Event "Danube op"]
[Site "Aschach"]
[Date "1998.12.29"]
[Round "5"]
[White "Balinov, Ilija"]
[Black "Kilgus, Georg"]
[Result "1-0"]
[WhiteElo "2450"]
[BlackElo "2210"]

1.e4 c5 2.Nf3 d6 3.d4 cxd4 4.Nxd4 Nf6 5.Nc3 a6 6.Be3 e5 7.Nb3 Be7 8.f3 Be6
9.Qd2 Nbd7 10.g4 h6 11.O-O-O b5 12.h4 Nb6 13.Qf2 Nc4 14.Bxc4 bxc4 15.Nc5 Bxg4
16.fxg4 Nxg4 17.Qg3 Nxe3 18.Qxe3 Bxh4 19.Kb1 Bg5 20.Qg1 Rb8 21.Nxa6 Rb6 22.Nc7+  1-0

[Event "Ambassador op"]
[Site "Bern"]
[Date "1998.12.29"]
[Round "5"]
[White "Brendel, Oliver"]
[Black "Riedener, Toni"]
[Result "1-0"]
[WhiteElo "2410"]
[BlackElo "2185"]

1.e4 c5 2.Nf3 d6 3.d4 cxd4 4.Nxd4 Nf6 5.Nc3 a6 6.Be3 e5 7.Nb3 Be6 8.f3 Nbd7
9.Qd2 b5 10.a4 b4 11.Nd5 Bxd5 12.exd5 Nb6 13.Bxb6 Qxb6 14.a5 Qb7 15.Bc4 Nd7
16.Ra4 Rb8 17.Qe2 Ra8 18.Qd2 Rb8 19.Qe2 Ra8 20.Nd4 Nc5 21.b3 Nxa4 22.bxa4 b3
23.cxb3 Qb4+ 24.Kf1 Qxa5 25.Nc6 Qb6 26.a5 Qb7 27.Kf2 Be7 28.Rb1 O-O 29.b4 Bg5
30.Kf1 f5 31.b5 axb5 32.Rxb5 Qf7 33.Rb1 Qh5 34.Kg1 e4 35.a6 Rfe8 36.fxe4 Qxe2
37.Bxe2 Rxe4 38.Bd3 Be3+ 39.Kh1 Rf4 40.Bxf5 Rxa6 41.Be6+  1-0

[Event "Trinec op"]
[Site "Trinec"]
[Date "1998.12.29"]
[Round "4"]
[White "Pokrupa, Marek"]
[Black "Jakubowski, Maciej"]
[Result "1/2-1/2"]
[WhiteElo "2080"]
[BlackElo "2335"]

1.e4 c5 2.Nf3 d6 3.d4 cxd4 4.Nxd4 Nf6 5.Nc3 a6 6.Be3 e6 7.Be2 Be7 8.O-O O-O
9.g4 Nc6 10.f4 Nd7 11.Nb3 Re8 12.Bf3 Qc7 13.Qd2 b5 14.Rad1 Bb7 15.e5 d5 16.Qf2 Na5
17.Nd4 Nc4 18.Bc1 Rac8 19.Kh1 Nb8 20.Nce2 Nc6 21.c3 Nxd4 22.cxd4 Qa5 23.a3 b4
24.axb4 Bxb4 25.Ng3 Bc6 26.f5 Ba4 27.Rd3 Bb5 28.Be2  1/2-1/2

[Event "AUT-chT2O 9798"]
[Site "Austria"]
[Date "1998.??.18"]
[Round "9"]
[White "Fusi, Christopher"]
[Black "Dornauer, Joachim"]
[Result "1-0"]
[WhiteElo "2225"]
[BlackElo "2195"]

1.e4 c5 2.Nf3 d6 3.d4 cxd4 4.Nxd4 Nf6 5.Nc3 a6 6.Be3 e5 7.Nf3 Be7 8.Qd2 O-O
9.a4 Qc7 10.a5 Nbd7 11.Nd5 Nxd5 12.exd5 f5 13.g3 Nc5 14.Qc3 f4 15.gxf4 exf4
16.Bd4 Bf6 17.O-O-O Bg4 18.b4 Bxf3 19.Qxf3 Nd7 20.Bh3 Bxd4 21.Rxd4 Ne5 22.Be6+ Kh8
23.Qb3 b6 24.axb6 Qxb6 25.Rhd1 Qb5 26.Bh3 a5 27.Bf1 Qb6 28.b5 Rac8 29.Kb2 Nd7
30.c4 Qd8 31.Bh3 Rc7 32.Bxd7 Rxd7 33.Re4 Qh4 34.Qf3 Qf6+ 35.Ka3 h6 36.Ka4 Ra7
37.Rdd4 g5 38.Qg4 Qd8 39.Re6 Kg7 40.Rde4 Raf7 41.Qd1 f3 42.Qd4+ Kh7 43.Qd3 Kg7
44.Re3 Rf6 45.Re7+ R8f7 46.Rxf7+ Rxf7 47.Re6 Kf8 48.Qg6  1-0

[Event "UKR-chT"]
[Site "Alushta"]
[Date "1998.??.??"]
[Round "?"]
[White "Gaponenko, Inna"]
[Black "Savchenko, Stanislav"]
[Result "0-1"]
[WhiteElo "2365"]
[BlackElo "2595"]

1.e4 c5 2.Nf3 d6 3.d4 Nf6 4.Nc3 cxd4 5.Nxd4 a6 6.Be3 e6 7.a4 b6 8.Bd3 Bb7
9.f4 Nbd7 10.O-O Qc7 11.Qe2 Be7 12.Kh1 O-O 13.Rf3 Nc5 14.Bd2 d5 15.exd5 Nxd3
16.Rxd3 exd5 17.Nf5 Rfe8 18.Qe5 Bd8 19.Qd4 Qd7 20.Ne3 Rc8 21.Re1 Qe6 22.Re2 Qc6
23.Nf5 Rxe2 24.Nxe2 Qe6 25.Neg3 Rc4 26.Qxc4 dxc4 27.Rxd8+ Ne8 28.Bb4  0-1

[Event "UKR-chT"]
[Site "Alushta"]
[Date "1998.??.??"]
[Round "?"]
[White "Gaponenko, Inna"]
[Black "Fedorchuk, Sergey A"]
[Result "1-0"]
[WhiteElo "2365"]
[BlackElo "2345"]

1.e4 c5 2.Nf3 d6 3.d4 cxd4 4.Nxd4 Nf6 5.Nc3 a6 6.Be3 e6 7.a4 Nc6 8.Be2 Be7
9.O-O Qc7 10.Kh1 O-O 11.f4 Bd7 12.Nb3 Na5 13.Nd2 Rab8 14.Bd3 Nc6 15.Qf3 e5
16.f5 Nb4 17.g4 d5 18.g5 dxe4 19.Ncxe4 Nxe4 20.Bxe4 Bc5 21.Bxc5 Qxc5 22.c3 Nc6
23.b4 Qd6 24.Nc4 Qc7 25.Ne3 Nd8 26.Nd5 Qc4 27.Rg1  1-0

[Event "AUT-chT2W 9798"]
[Site "Austria"]
[Date "1998.??.??"]
[Round "10"]
[White "Grundherr, Martin"]
[Black "Zumtobel, Thomas"]
[Result "1-0"]
[WhiteElo "2340"]
[BlackElo "2150"]

1.e4 c5 2.Nf3 d6 3.d4 cxd4 4.Nxd4 Nf6 5.Nc3 a6 6.Be3 e6 7.g4 h6 8.f3 b5 9.Qd2 Nbd7
10.O-O-O Bb7 11.Kb1 Rc8 12.h4 b4 13.Nce2 d5 14.exd5 Nxd5 15.Bg1 Be7 16.Ng3 Bxh4
17.Ne4 O-O 18.Qh2 Be7 19.Bd3 Nc5 20.Nxc5 Bxc5 21.g5 Qxg5 22.Bf2 Qf4 23.Qg1 Be7
24.Re1 Bg5 25.Bg3 Qf6 26.Be5 Qd8 27.Qh2 Re8 28.Reg1 f6 29.Rxg5 fxg5 30.Bxg7 Kxg7
31.Qxh6+ Kf7 32.Qg6+ Ke7 33.Qxe6+ Kf8 34.Rh8+ Kg7 35.Qg6+ Kxh8 36.Qh7+  1-0

[Event "Bayern-ch Bank Hofmann 2nd"]
[Site "Bad Wiesse"]
[Date "1998.??.??"]
[Round "3"]
[White "Luther, Thomas"]
[Black "Wendt, Rene"]
[Result "0-1"]
[WhiteElo "2560"]
[BlackElo "2310"]

1.e4 c5 2.Nf3 d6 3.d4 cxd4 4.Nxd4 Nf6 5.Nc3 a6 6.Be3 e5 7.Nb3 Be6 8.Qd2 Nbd7
9.f3 Be7 10.g4 h6 11.h4 b5 12.Rg1 b4 13.Na4 d5 14.g5 d4 15.Bxd4 hxg5 16.hxg5 Ng4
17.Be3 Nxe3 18.Qxe3 Rh5 19.f4 exf4 20.Qf3 Rxg5 21.Rxg5 Bxg5 22.O-O-O Ne5
23.Rxd8+ Rxd8 24.Qh1 f3+ 25.Nd2 Rxd2 26.Qh5 Be3  0-1

[Event "Stadtcasino op 3rd"]
[Site "Baden"]
[Date "1998.??.??"]
[Round "6"]
[White "Pikula, Dejan"]
[Black "Nemet, Ivan"]
[Result "0-1"]
[WhiteElo "2440"]
[BlackElo "2380"]

1.e4 c5 2.Nf3 d6 3.d4 cxd4 4.Nxd4 Nf6 5.Nc3 a6 6.Be3 e5 7.Nb3 Be7 8.f3 Be6
9.Qd2 Nbd7 10.O-O-O h5 11.Kb1 b5 12.Qf2 Rc8 13.g3 Rxc3 14.bxc3 Qc7 15.h3 d5
16.Bd3 dxe4 17.fxe4 a5 18.g4 a4 19.Nc1 Qxc3 20.Bd2 Qc6 21.Qe2 O-O 22.gxh5 Nc5
23.Rde1 Rc8 24.Bb4 Nxd3 25.Bxe7 Nxc1 26.Kxc1 Nxh5 27.Rhg1 Qc3 28.Kb1 Nf4
29.Qh2 a3  0-1

[Event "Oberliga Bayern9899"]
[Site "Bayern"]
[Date "1998.??.??"]
[Round "?"]
[White "Wendt, Rene"]
[Black "Lickleder, Andreas"]
[Result "1/2-1/2"]
[WhiteElo "2275"]
[BlackElo "2155"]

1.Nf3 c5 2.e4 d6 3.d4 cxd4 4.Nxd4 Nf6 5.Nc3 a6 6.Be3 e5 7.Nb3 Be6 8.Qd2 Nbd7
9.f3 Qc7 10.g4 Nb6 11.O-O-O Nc4 12.Bxc4 Bxc4 13.g5 Nh5 14.Na4 b5 15.Nb6 Rb8
16.Qa5 Qb7 17.Qd2 Qc7 18.Qa5 Qb7 19.Qd2 Qc7  1/2-1/2

[Event "Regionalliga SO9798"]
[Site "Bayern"]
[Date "1998.??.??"]
[Round "?"]
[White "Anka, Emil"]
[Black "Weber, Arnold"]
[Result "1-0"]
[WhiteElo "2405"]
[BlackElo "2085"]

1.e4 c5 2.Nf3 d6 3.d4 cxd4 4.Nxd4 Nf6 5.Nc3 a6 6.Be3 e6 7.g4 Nc6 8.g5 Nd7
9.h4 Be7 10.Qe2 Qa5 11.Nb3 Qc7 12.f4 b5 13.a3 Bb7 14.Bh3 Nb6 15.Bxb6 Qxb6
16.f5 Bc8 17.fxe6 Bxe6 18.Bxe6 fxe6 19.Rf1 Ne5 20.O-O-O b4 21.axb4 Qxb4 22.Qh2 a5
23.Rd4 Qb7 24.Qh3 Qc8 25.Ra4 Nc6 26.Rc4 Qd7 27.Rxc6 Qxc6 28.Nd4 Qc4 29.Nxe6 Kd7
30.Nc5+ Kc6 31.Qd7+ Kxc5 32.Qc7+ Kb4 33.Qb6+  1-0

[Event "Beersheba"]
[Site "Beersheba"]
[Date "1998.??.??"]
[Round "4"]
[White "Lederer, Yoav"]
[Black "Lederman, Leon"]
[Result "1-0"]
[WhiteElo "2270"]
[BlackElo "2310"]

1.e4 c5 2.Nf3 d6 3.d4 cxd4 4.Nxd4 Nf6 5.Nc3 a6 6.Be3 e5 7.Nf3 Be7 8.Bc4 Be6
9.Bxe6 fxe6 10.Ng5 Qd7 11.Qf3 Nc6 12.Qh3 d5 13.Na4 Nb4 14.Nb6 Qc6 15.Qxe6 Nxc2+
16.Ke2 Qxe6 17.Nxe6 Kf7 18.Nxa8 Nxa1 19.Ng5+ Kg6 20.Nb6 Nc2 21.Nf3 dxe4 22.Nxe5+ Kf5
23.Nec4 Nxe3 24.Nxe3+ Ke6 25.Rc1 Bd6 26.h3 Be5 27.b3 Rd8 28.Rc4 g6 29.Na4 Ke7
30.Nc5 b5 31.Rc2 Rd6 32.Ng4 Nxg4 33.hxg4 Rc6 34.Ke3 Bd6 35.b4 a5 36.Kxe4 axb4
37.Kd5 Rb6 38.Ne4 Bb8 39.Rc6 Rb7 40.Nc5 Ra7 41.Ra6 Rxa6 42.Nxa6 Ba7 43.f4 Be3
44.Ke4 Bd2 45.Nc7 Kd6 46.Nxb5+ Kc5 47.Nd4 Kc4 48.Ne2 Bc3 49.Nxc3 bxc3  1-0

[Event "Berliner Sommer 16th"]
[Site "Berlin"]
[Date "1998.??.??"]
[Round "3"]
[White "Lederer, Yoav"]
[Black "Purtov, Andrei"]
[Result "0-1"]
[WhiteElo "2300"]
[BlackElo "2445"]

1.e4 c5 2.Nf3 d6 3.d4 cxd4 4.Nxd4 Nf6 5.Nc3 a6 6.Be3 e6 7.f3 b5 8.g4 Nfd7
9.Qd2 Nb6 10.Qf2 N8d7 11.a4 Nxa4 12.Nxa4 bxa4 13.Rxa4 Bb7 14.Be2 Be7 15.O-O h5
16.gxh5 Rxh5 17.Qg2 Kf8 18.f4 Rh7 19.f5 e5 20.Nb3 Nf6 21.Na5 Bxe4 22.Rxe4 Qxa5
23.Ra4 Qxa4 24.Qxa8+ Ne8 25.b3 Qh4 26.Rf2 Bg5 27.Bb6 Bf4 28.Qg2 Qf6 29.Bxa6 Rxh2
30.Qxh2 Bxh2+ 31.Kxh2 Qh4+ 32.Kg1 Qg4+ 33.Kf1 Qd1+ 34.Kg2 Qd5+  0-1

[Event "Berliner Sommer 16th"]
[Site "Berlin"]
[Date "1998.??.??"]
[Round "7"]
[White "Klovans, Janis"]
[Black "Haag, Wolfgang"]
[Result "1-0"]
[WhiteElo "2465"]
[BlackElo "2310"]

1.e4 c5 2.Nf3 d6 3.d4 cxd4 4.Nxd4 Nf6 5.Nc3 a6 6.Be3 e6 7.f3 Be7 8.Qd2 Nc6
9.O-O-O d5 10.Qf2 Qc7 11.exd5 Nxd5 12.Nxd5 exd5 13.Qg3 Qxg3 14.hxg3 O-O 15.Bd3 h6
16.Nf5 Bf6 17.g4 Re8 18.Bf4 Bxf5 19.gxf5 Rac8 20.Kb1 Ne5 21.c3 Nc6 22.Bc1 Re7
23.f4 d4 24.cxd4 Rd8 25.g4 Red7 26.g5 Bxd4 27.Be4 Rd6 28.f6 hxg5 29.fxg7 Bxg7
30.Rdg1 Rh6 31.Rxh6 Bxh6 32.fxg5 Bg7 33.Rf1 Rd7 34.a3 Nd4 35.Rd1 Re7 36.Bd5 Rd7
37.Ba2 Re7 38.g6 Ne6 39.Re1 Kf8 40.gxf7 Kxf7 41.Bg5 Re8 42.Bh4 a5 43.a4 Bh8
44.Bd5 Bd4 45.Re4 Bg7 46.b3 Bc3 47.Kc2 Bb4 48.Kd3 Ba3 49.Ke2  1-0

[Event "Berliner Sommer 16th"]
[Site "Berlin"]
[Date "1998.??.??"]
[Round "7"]
[White "Smikovski, I."]
[Black "Rechel, Bernd"]
[Result "1/2-1/2"]
[WhiteElo "2485"]
[BlackElo "2365"]

1.e4 c5 2.Nf3 d6 3.d4 cxd4 4.Nxd4 Nf6 5.Nc3 a6 6.Be3 e5 7.Nf3 Be7 8.Bc4 O-O
9.O-O Be6 10.Qd3 h6 11.Nd5 Nbd7 12.c3 Rc8 13.Rad1 Nxd5 14.Bxd5 Qc7 15.Nd2 Nf6
16.Bxe6 fxe6 17.c4 Qc6 18.f3 d5 19.cxd5 exd5 20.exd5 Qxd5 21.Nb3 Qxd3 22.Rxd3 Rc2
23.Rd2 Rfc8  1/2-1/2

[Event "Biel op"]
[Site "Biel"]
[Date "1998.??.??"]
[Round "4"]
[White "Wege, Jochen"]
[Black "Bucher, Denis"]
[Result "1/2-1/2"]
[WhiteElo "2180"]
[BlackElo "2115"]

1.e4 c5 2.Nf3 d6 3.d4 cxd4 4.Nxd4 Nf6 5.Nc3 a6 6.Be3 Ng4 7.Bg5 h6 8.Bh4 g5
9.Bg3 Bg7 10.Be2 h5 11.h4 Nc6 12.Nb3 gxh4 13.Bxh4 Be6 14.Qd2 Qb6 15.f3 Bh6
16.f4 Qe3 17.Rf1 Qxd2+ 18.Kxd2 Nce5 19.Nd5 Bxd5 20.exd5 Ng6 21.Bg5 Bxg5 22.fxg5 N6e5
23.Rh1 Kd7 24.Nd4 Rac8 25.b3 Rcg8 26.Nf3 h4 27.Raf1 Rg7 28.c4 Rgg8 29.a4 a5
30.Rh3 b6 31.Kc3 Kc7 32.Kd4 Kd7 33.Ke4 f6 34.Nxe5+ Nxe5 35.gxf6 Rxg2 36.Bf3 Nxf3
37.Kxf3 Rb2 38.f7 Rf8 39.Ke4 e5 40.dxe6+ Kxe6 41.Kd4 Rd2+ 42.Kc3 Re2 43.Rxh4 Kd7
44.Rf3 Re7 45.Rhf4 Kc6 46.Rf6 Kc5 47.R3f5+ Kc6 48.Kd4 Kc7 49.Kd5 Re1 50.Rf4 Re7
51.Rf3 Re5+ 52.Kd4 Re7 53.Kc3 Kc6 54.b4 axb4+ 55.Kxb4 Ra7 56.R3f5 Rb7 57.Kc3 Re7
58.Kd4 Kc7 59.a5 bxa5 60.Rxa5 Kb6 61.Raf5 Kc7 62.Kd5 Re1 63.Rg6 Re7 64.Rgf6 Re1
65.Rf3 Re5+ 66.Kd4 Re7 67.Ra3 Kb7 68.Rxd6 Rexf7 69.Rda6 Rf4+ 70.Kc5 Rc8+
71.Kb5 Rcxc4 72.Ra7+ Kc8 73.Ra8+ Kd7 74.R3a7+ Ke6  1/2-1/2

[Event "Biel op"]
[Site "Biel"]
[Date "1998.??.??"]
[Round "7"]
[White "Lederer, Yoav"]
[Black "Nemet, Ivan"]
[Result "0-1"]
[WhiteElo "2270"]
[BlackElo "2380"]

1.e4 c5 2.Nf3 d6 3.d4 cxd4 4.Nxd4 Nf6 5.Nc3 a6 6.Be3 e5 7.Nf3 Be7 8.Bc4 O-O
9.O-O Be6 10.Qe2 b5 11.Bb3 h6 12.Nd5 Nxd5 13.Bxd5 Bxd5 14.exd5 Nd7 15.a4 b4
16.a5 f5 17.Bd2 Qb8 18.Qc4 Rc8 19.Qb3 Qb5 20.Bxb4 Rab8 21.c3 Nc5 22.Qa3 Qc4
23.Rad1 e4 24.Nd4 Qxd5 25.Bxc5 dxc5 26.Nc2 Qe6 27.Ne3 c4 28.Qa2 Rc5 29.Qa4 f4
30.Qd7 Kf7 31.Qa7 Rxb2 32.Rd7 Re5 33.Nd1 Rbb5 34.Qd4 Kg6 35.Rc7 Bc5 36.Qd8 e3
37.Qh8 exf2+ 38.Kh1 Re1  0-1

[Event "Biel op"]
[Site "Biel"]
[Date "1998.??.??"]
[Round "9"]
[White "Lederer, Yoav"]
[Black "Astengo, Corrado"]
[Result "1-0"]
[WhiteElo "2270"]
[BlackElo "2180"]

1.e4 c5 2.Nf3 d6 3.d4 Nf6 4.Nc3 cxd4 5.Nxd4 a6 6.Be3 e5 7.Nf3 Qc7 8.a4 h6
9.Be2 Be6 10.O-O Be7 11.a5 Nbd7 12.Nd2 d5 13.exd5 Nxd5 14.Nxd5 Bxd5 15.Bf3 Bc6
16.b3 O-O 17.Bxc6 Qxc6 18.Nc4 f5 19.f3 Rad8 20.Qe2 Rfe8 21.Rad1 e4 22.fxe4 fxe4
23.Qh5 Nf6 24.Qf5 Rd5 25.Rxd5 Qxd5 26.Qg6 Qf7 27.Qg3 Qh5 28.h3 Kh7 29.Qf2 Nd5
30.Bd4 Bf6 31.Bxf6 Nxf6 32.Qf5+ Qxf5 33.Rxf5 Kg6 34.Rc5 Re7 35.Ne5+ Kh7 36.Nc4 Kg6
37.Kf2 Kf7 38.Ke3 Ke6 39.Re5+ Kd7 40.Rxe7+ Kxe7 41.Nd2 Kd7 42.g3 Kc6 43.Nxe4 Nxe4
44.Kxe4 Kb5 45.Kd5 Kxa5 46.Kc5 b6+ 47.Kc4 b5+ 48.Kc5 b4 49.g4 g6 50.h4 h5
51.gxh5 gxh5 52.Kc4 Kb6 53.Kxb4 a5+ 54.Ka4 Ka6 55.c3 Kb6 56.c4 Ka6 57.c5  1-0

[Event "Biel op"]
[Site "Biel"]
[Date "1998.??.??"]
[Round "9"]
[White "Wielecki, Zygmunt"]
[Black "Bozinovic, Bogdan"]
[Result "0-1"]
[WhiteElo "2240"]
[BlackElo "2245"]

1.e4 c5 2.Nf3 d6 3.d4 Nf6 4.Nc3 cxd4 5.Nxd4 a6 6.Be3 e6 7.Be2 Nbd7 8.f4 Qc7
9.O-O b5 10.f5 Ne5 11.fxe6 fxe6 12.Bh5+ Kd8 13.Be2 Bd7 14.Kh1 Kc8 15.a4 b4
16.Na2 Nc4 17.Bg1 Nxb2 18.Qb1 Nxa4 19.Nxb4 Nc3 20.Qe1 Nxe2 21.Qxe2 a5 22.Nd3 e5
23.Nf5 Qc4 24.Qe1 Qxe4 25.Ne3 a4 26.Qc3+ Qc6 27.Nc4 Nd5 28.Rxf8+ Rxf8 29.Nxd6+ Kd8
30.Qxe5 Rf6 31.Bc5 Ra6 32.Ne4 Re6 33.Qg5+ Nf6 34.Nb4 Qxe4 35.Nxa6 Rxa6  0-1

[Event "NLD-chT playoff 3-4"]
[Site "Breda"]
[Date "1998.??.??"]
[Round "?"]
[White "Baljon, Christofoor"]
[Black "Bezemer, Arno"]
[Result "0-1"]
[WhiteElo "2295"]
[BlackElo "2240"]

1.e4 c5 2.Nf3 d6 3.d4 cxd4 4.Nxd4 Nf6 5.Nc3 a6 6.Be3 Ng4 7.Bg5 h6 8.Bh4 g5
9.Bg3 Bg7 10.h4 Nc6 11.Nb3 gxh4 12.Rxh4 h5 13.Qd2 Be6 14.f3 Nge5 15.Qg5 Kf8
16.Rxh5 Rxh5 17.Qxh5 a5 18.O-O-O Qb6 19.Bb5 Nc4 20.Bf4 Ke8 21.Qg5 Kf8 22.Rh1 a4
23.Bxc4 Bxc4 24.Be3 Qa6 25.Rh7 Bf6 26.Qh5 Ke8 27.Nd2 a3 28.Nd5 Bxd5 29.exd5 Qe2
30.Qxf7+ Kd7 31.dxc6+ bxc6 32.c3 Qe1+ 33.Kc2 Qa1 34.Qxf6 Qxb2+ 35.Kd3 Re8
36.Qf5+ Kc7 37.Qa5+ Kd7 38.Qf5+ Kc7 39.Qa5+ Kd7 40.Qa7+ Ke6 41.Rh6+ Kf7 42.Qd4  0-1

[Event "Wch-09 blind "]
[Site "Brno"]
[Date "1998.??.??"]
[Round "7"]
[White "Krylov, Sergey"]
[Black "Palacios Perez, Manuel"]
[Result "1-0"]
[WhiteElo "2320"]
[BlackElo "2125"]

1.e4 c5 2.Nf3 d6 3.d4 cxd4 4.Nxd4 Nf6 5.Nc3 a6 6.Be3 e5 7.Nb3 Be6 8.Qd2 Nbd7
9.f3 h5 10.Nd5 Bxd5 11.exd5 Qc7 12.c4 a5 13.a4 Nb6 14.c5 dxc5 15.Bb5+ Nbd7
16.d6 Qxd6 17.Nxa5 Qxd2+ 18.Bxd2 O-O-O 19.Nc4 Kc7 20.O-O h4 21.Rfd1 Be7 22.Ba5+ b6
23.Bc3 Rh5 24.a5 Kb7 25.Nd6+ Bxd6 26.Rxd6 bxa5 27.Bxa5 Rhh8 28.Rad1 Kc8 29.Rc6+ Kb7
30.Bxd8 Rxd8 31.Rxf6  1-0

[Event "Bucharest Fest GM"]
[Site "Bucharest"]
[Date "1998.??.??"]
[Round "?"]
[White "Vokarev, Sergey"]
[Black "Marjanovic, Slavoljub"]
[Result "1-0"]
[WhiteElo "2480"]
[BlackElo "2460"]

1.e4 c5 2.Nf3 d6 3.d4 Nf6 4.Nc3 cxd4 5.Nxd4 a6 6.Be3 e5 7.Nb3 Be6 8.f3 Be7
9.Qd2 Nbd7 10.O-O-O b5 11.g4 h6 12.Kb1 Nb6 13.Qf2 Rb8 14.h4 Qc7 15.Bxb6 Rxb6
16.Nd5 Nxd5 17.exd5 Bd7 18.Bd3 Rb8 19.Qd2 Bd8 20.Rde1 Kf8 21.g5 a5 22.Nc1 b4
23.f4 a4 24.Rhf1 f6 25.fxe5 dxe5 26.Bf5 Bxf5 27.Rxf5 hxg5 28.hxg5 a3 29.Nd3 Kg8
30.Qf2 Qd6 31.gxf6 Bxf6 32.Nxe5 Re8 33.Ng4 Rxe1+ 34.Qxe1  1-0

[Event "Bucharest Fest IM (Women)"]
[Site "Bucharest"]
[Date "1998.??.??"]
[Round "?"]
[White "Zatonskih, Anna"]
[Black "Calotescu, Cristina"]
[Result "1-0"]
[WhiteElo "2320"]
[BlackElo "2180"]

1.e4 c5 2.Nf3 d6 3.d4 cxd4 4.Nxd4 Nf6 5.Nc3 a6 6.Be3 e5 7.Nb3 Be7 8.f3 Be6
9.Qd2 Qc7 10.g4 O-O 11.O-O-O b5 12.Nd5 Bxd5 13.exd5 Rc8 14.Kb1 b4 15.g5 Nfd7
16.h4 a5 17.h5 a4 18.Nc1 Nb6 19.Bxb6 Qxb6 20.g6 b3 21.gxf7+ Kxf7 22.cxb3 axb3
23.Nxb3 Qa7 24.a3 Qa4 25.Qd3 Bf6 26.Qb5 Qa7 27.Bh3 Rc7 28.Qd3 Na6 29.Qxh7 Rb8
30.Rhg1 Nc5 31.Nxc5 dxc5 32.Be6+ Ke7 33.d6+ Kxe6 34.dxc7 Qxc7 35.Qe4 Qb6
36.Rg2 Rb7 37.Rc2 Rc7 38.Qd5+ Ke7 39.Rdc1 Rb7 40.Qxc5+ Qxc5 41.Rxc5 e4 42.Rc7+ Rxc7
43.Rxc7+ Kd6 44.Rc2 e3 45.Re2 Bd4 46.Kc2 Ke5 47.Kd3 Kd5 48.Rxe3 Bxb2 49.a4 Bf6
50.a5 Kc5 51.a6 Kb6 52.Re6+ Ka7  1-0

[Event "Bucharest Cup IM"]
[Site "Bucharest"]
[Date "1998.??.??"]
[Round "?"]
[White "Tugui, Adrian"]
[Black "Grigore, Nicolae Petre"]
[Result "0-1"]
[WhiteElo "2295"]
[BlackElo "2265"]

1.e4 c5 2.Nf3 d6 3.d4 cxd4 4.Nxd4 Nf6 5.Nc3 a6 6.Be3 e5 7.Nb3 Be6 8.Be2 Be7
9.a4 Nbd7 10.a5 O-O 11.O-O Rc8 12.f3 Qc7 13.Rf2 Rfd8 14.Bf1 Nc5 15.Rd2 Qc6
16.Nd5 Bxd5 17.exd5 Qd7 18.Nxc5 dxc5 19.c4 Bd6 20.Qe1 Re8 21.Bg5 Qf5 22.Qh4 e4
23.Bxf6 gxf6 24.Ra3 e3 25.Re2 Be5 26.Re1 Qg5 27.Qxg5+ fxg5 28.Rb3 Re7 29.Bd3 Rd8
30.g3 Rd6 31.Kg2 Bd4 32.Re2 h5 33.Bf5 Kf8 34.Bc8 Rd8 35.Bf5 Rd6 36.Re1 Rc7
37.Ra1 Ke7 38.Kf1 Kf6 39.Be4 Ke5 40.Ke2 f5 41.Bd3 Rh6 42.f4+ Kf6 43.Rb6+ Kg7
44.fxg5 Rxb6 45.axb6 Rd7 46.b4 Bxa1 47.bxc5 Rf7 48.c6 bxc6 49.dxc6 Be5 50.c7 Bxc7  0-1

[Event "Ciocaltea mem"]
[Site "Bucharest"]
[Date "1998.??.??"]
[Round "2"]
[White "Iordachescu, Viorel"]
[Black "Istratescu, Andrei"]
[Result "0-1"]
[WhiteElo "2520"]
[BlackElo "2575"]

1.e4 c5 2.Nf3 d6 3.d4 cxd4 4.Nxd4 Nf6 5.Nc3 a6 6.Be3 Ng4 7.Bg5 h6 8.Bh4 g5
9.Bg3 Bg7 10.Be2 Ne5 11.f3 Nbc6 12.Bf2 Be6 13.Qd2 Ng6 14.O-O Nxd4 15.Bxd4 Bxd4+
16.Qxd4 Rc8 17.Rf2 Qa5 18.Bf1 Qc5 19.Qd2 O-O 20.Re1 Qb4 21.Qc1 Qd4 22.Rd1 Qc5
23.Nd5 f5 24.b4 Qa7 25.Bd3 Bxd5 26.exd5 Ne5 27.c3 f4 28.Kf1 g4 29.Qc2 gxf3
30.Bf5 Rc7 31.Re1 Kh8 32.Be6 Qb8 33.gxf3 Qe8 34.Rxe5 dxe5 35.Qe4 Qh5 36.c4 a5
37.a3 axb4 38.axb4 b5 39.cxb5 Rc1+ 40.Ke2 Ra1 41.d6 exd6 42.Rg2 Rfa8 43.Qb7 R8a7
44.Qc6 e4 45.Qc3+ Kh7 46.Kf2 e3+ 47.Ke2 R7a2+  0-1

[Event "Primavara (Women)"]
[Site "Bucharest"]
[Date "1998.??.??"]
[Round "3"]
[White "Moshina, Cristina"]
[Black "Petrenko, Svetlana"]
[Result "1/2-1/2"]
[WhiteElo "2135"]
[BlackElo "2275"]

1.e4 c5 2.Nf3 d6 3.d4 cxd4 4.Nxd4 Nf6 5.Nc3 a6 6.Be3 Ng4 7.Bg5 h6 8.Bh4 g5
9.Bg3 h5 10.Be2 Bg7 11.Bxg4 Bxg4 12.f3 Bd7 13.Bf2 Nc6 14.O-O b5 15.a4 bxa4
16.Nxa4 Rb8 17.Nxc6 Bxc6 18.Bd4 O-O 19.Bxg7 Kxg7 20.Qd4+ f6 21.b3 Bxa4 22.Rxa4 Qb6
23.Qxb6 Rxb6 24.Rc4 Rbb8 25.Rd1 Rfc8 26.Rdd4 Kf7 27.Kf2 Ke6 28.Ke3 f5 29.exf5+ Kxf5
30.Kd3 Ke6 31.Rxc8 Rxc8 32.Rc4 Rb8 33.Ra4 Rb6 34.h4 gxh4 35.Rxh4 Rb5 36.g4 hxg4
37.Rxg4  1/2-1/2